MARC

LEADER 00000nam0a2200000 4500
001 304808
005 20231102001734.0
020 |a RU  |b 83-27095 
035 |a (RuTPU)RU\TPU\book\330055 
090 |a 304808 
100 |a 20150918d1983 k y0rusy5003 ca 
101 0 |a rus 
102 |a UZ 
105 |a a z 001zy 
200 1 |a Вулканизм и тектоника Чаткало-Кураминского региона  |f В. А. Арапов  |g Среднеазиатский научно-исследовательский институт геологии и минерального сырья (САИГИМС) 
210 |a Ташкент  |c Фан  |d 1983 
215 |a 256 с.  |c ил. 
320 |a Библиогр.: с. 248-255 
606 1 |a Вулканизм  |2 stltpush  |3 (RuTPU)RU\TPU\subj\3799  |9 32148 
610 1 |a Тянь-Шань 
610 1 |a тектоника 
610 1 |a геологическое строение 
610 1 |a вулканогенные формации 
610 1 |a вулканиты 
675 |a 551.21  |z rus  |v 4 
700 1 |a Арапов  |b В. М.  |4 070 
712 0 2 |a Среднеазиатский научно-исследовательский институт геологии и минерального сырья (САИГИМС)  |c (Ташкент)  |c (1957-1994)  |2 stltpush  |3 (RuTPU)RU\TPU\col\10266 
801 0 |a RU  |b RuMRKP  |c 19950704  |g psbo 
801 1 |a RU  |b 63413507  |c 20150918 
801 2 |a RU  |b 63413507  |c 20171005  |g RCR 
942 |c BK